| 000 | 01025cam a22002531i 4500 | ||
|---|---|---|---|
| 003 | SA-RiAUC | ||
| 005 | 20260220123601.0 | ||
| 008 | 260217s1998 su g 00000 ara c | ||
| 020 |
_a9960317129 _c2$ |
||
| 040 |
_aSA-JeALM _bara _cSA-RiAUC _dSA-RiOBE _erda |
||
| 082 | 0 | 4 |
_a252.5082 _qSA-RiAUC |
| 090 |
_a252.5082 _bب ا ب |
||
| 100 | 1 |
_aبابطين، خالد بن أحمد الصمي _eمؤلف. |
|
| 245 | 1 | 0 |
_aالمسائل التي انفردت بها المرأة في المناسك / _cخالد بن أحمد الصمي بابطين . |
| 250 | _aالطبعة الأولى. | ||
| 264 | 1 |
_aالرياض : _aالقاهرة : _bدار ابن القيم. _bدار ابن عفان. _c2015 |
|
| 300 |
_a94 صفحة ؛ _c24 سم. |
||
| 336 |
_aنص _btxt _2rdacontent _3كتاب |
||
| 337 |
_aبدون وسيط _bn _2rdamedia |
||
| 650 | 7 |
_aالحج (فقه إسلامي) _xمناسك _2aucsh |
|
| 650 | 7 |
_aالمرأة (فقه إسلامي) _2aucsh |
|
| 942 |
_2ddc _cBOOK _n0 |
||
| 949 |
_aSA-JeALM _d260217 _uosman123 _n1 |
||
| 999 |
_c14401 _d14401 |
||